000 00728nam a2200205 a 4500
001 BRL_236
005 20190320210640.0
008 280613s2003----mx-a######---#000-0#spa-#
041 _aspa
044 _amx
050 4 _aHE6191
_b.M47 2003
245 1 0 _aMEPSIOAXACA 2003
_bexhibición filatélica.
260 _aOaxaca, Oax., México
_bMuseo de Filatelia de Oaxaca
_c2003
300 _a235 p.
_bil. a color
_c23 cm.
500 _aRealizada en el marco de la Reunión Anual de la Mexico Elmhurst Philatelic Society International (MEPSI) en el Museo de Filatelia de Oaxaca A.C. y el Centro Cultural Santo Domingo, 26 febrero - 1 marzo, 2003
500 _aAu305
650 1 4 _aFilatelia
_923315
902 _aGRL
942 _2lcc
_cB
999 _c9049
_d9049